000 00627nam a22001815a 4500
003 CL-SaCFP
005 20260402135519.0
008 251114s 000 0 spa
020 _a9789564203928
040 _cCL
100 1 _aFernández Darraz, Enrique
245 1 0 _aFotografía de aves para principiantes :
_bobservar y escuchar la naturaleza /
_cEnrique Fernández Darraz.
250 _aPrimera edición : mayo 2025.
264 1 _a[Chile] :
_b[Editorial no identificada],
_c2025.
264 3 _aValdivia, Chile :
_bAmérica Impresores,
_c2025.
300 _a203 páginas :
_bilustraciones ;
_c23 cm.
942 _2ddc
_cLIBRO
999 _c16353
_d16353